000 00811nam a22002417a 4500
001 4359276
003 ARRUPE
005 20131219143948.0
008 890627s1988 rh a 000 0 eng
010 _a 89980033
020 _a079740838X
040 _aDLC
_cDLC
_dDLC
050 0 0 _aPR9390.9.M32.Z95
100 1 _aMarechera, Dambudzo.
_96045
245 1 0 _aDambudzo Marechera, 4 June 1952-18 August 1987 :
_bpictures, poems, prose, tributes /
_ccompiled and edited by Flora Veit-Wild and Ernst Schade.
260 _aHarare :
_bBaobab Books,
_c1988.
300 _a36 p. :
_bill. ;
_c21 x 27 cm.
600 _aMarechera, Dambudzo
_96046
700 _aVeit-Wild, Flora (ed.)
_96048
700 _a Schade, Ernst (ed.)
_96049
906 _a7
_bcbc
_corignew
_du
_encip
_f19
_gy-gencatlg
942 _2lcc
_cMONOGRAPH
999 _c119379
_d119379